000 01322cam a2200337 i 4500
001 40315
003 Mx-PuUPA
005 20260220115930.0
008 140415s2022 ck gr 000 0 spa d
020 _a9789585033603
040 _cMx-PuUPA
_aMx-PuUPA
_bspa
_dMx-PuUPA
_erda
041 0 _aspa
100 1 _aLerma González, Héctor Daniel,
_eautor
_98374
245 1 0 _aMetodología de la investigación :
_bpropuesta, anteproyecto y proyecto /
_cHéctor Daniel Lerma González
250 _aSexta edición /
_bjunio
264 1 _aBogotá :
_bECOE ediciones,
_c2022
300 _a139 páginas :
_btablas, diagramas ;
_c24 cm
336 _2rdacontent
_atexto
_btxt
337 _2rdamedia
_asin medio
_bn
338 _2rdacarrier
_avolumen
_bnc
490 0 _aEducación y pedagogía
490 0 _aPedagogía
650 7 _2armarc
_aMetodología científica
650 7 _2armarc
_aProyectos de investigación
650 7 _2armarc
_aInvestigación científica
942 _2ddc
_cLI
_h001.42
_iL435
999 _c40315
_d40315